Click the Franz Ferdinand Song Title Ending - Statistics

General Stats
  • This quiz has been taken 43 times
  • The average score is 15 of 20
Answer Stats
Hint Answer % Correct
Take Me Out
97%
You Could Have It So Much Better
89%
Lucid Dreams
89%
You're the Reason I'm Leaving
86%
The Dark of the Matinée
83%
Tell Me I Should Stay
83%
Tell Her Tonight
83%
Build It Up
83%
Cheating on You
83%
This Fire
77%
No You Girls
77%
Always Ascending
74%
Evil Eye
74%
Can't Stop Feeling
74%
Darts of Pleasure
74%
Do You Want To
74%
Fade Together
60%
Right Action
57%
Glimpse of Love
51%
Twilight Omens
51%
No matching quizzes found
Score Distribution
Percent of People with Each Score
Percentile by Number Answered
Your Score History
You have not taken this quiz